000 00797cam a2200241 4500
001 M91547
008 090401t1998 xxu||||| |||| 00| 0 eng d
035 _a(Sirsi) u99381
041 _aeng
110 _aRoyal Institution of Chartered Surveyors
_94900
245 _aProposals for the replacement of the law on the control of ground movement in mines.
260 _aLondon
_bRICS
_c1998
300 _a3p. ; 30cm.
350 _a0
490 _aRICS Policy Unit Submission
_vPU/SUB/022
520 _aResponse by the RICS to the Health and Safety Executive. Available from the Internet at http://www.rigs.org.uk/parliament
650 _aGROUND MOVEMENTS
650 _aHEALTH AND SAFETY EXECUTIVE
650 _aMINES
690 _aMINING AND MINERALS
942 _n0
948 _c07/05/1998
999 _c99290
_d99290